000 00633nam a2200229Ia 4500
005 20260429112010.0
008 260429s9999||||xx |||||||||||||| ||und||
020 _a9781032730264
041 _aEnglish
082 _a378.1
_bFUL
100 _aFulcher, Keston H.
245 0 _aAssessment 101 in higher education /
_cKeston H. Fulcher
250 _a1st ed.
260 _aNew Delhi :
_bRoutledge,
_c2025.
300 _axii, 203 p.; pbk
650 _a Higher education
650 _a Student evaluation
650 _aEducational assessment
700 _a Good, Megan R.
700 _a Sanchez, Elizabeth R. H.
942 _cTB
999 _c51815
_d51815